000 00676nam a2200277Ia 4500
005 20260324115301.0
008 008 260324s9999 xx 000 0 eng d
020 _a9780429487590
037 _aEBOOK
040 _aCRL
040 _beng
040 _cCRL
041 _2eng
041 _aeng
084 _qCRL
100 _aBorbala Mifsud; Kathi Zarnack; Anaïs F Bardet
_91154075
245 0 _aPractical Guide to ChIP-seq Data Analysis
260 _bTaylor and Francis
260 _c2018
365 _a
365 _b120
856 _uhttp://www.taylorfrancis.com/books/9780429487590
942 _cEBOOK
999 _c1744839
_d1744839